000
00213 a2200097 4500
001
48428
100
_a
Gabriel, R.A
245
_a
Crisis in command
260
_a
New York
_b
Hill and Wang
_c
090
_c
31366
_d
31366
942
_a
NUST-CAE
_c
M
_c
23743
999
_c
283501
_d
283501